000 00616nam a2200217Ia 4500
005 20230524120758.0
008 140110s9999 xx 000 0 und d
020 _a9780748624201
_cRs.1286.00
040 _aLoreto College
041 _aEnglish
082 _a823.91409
_bBEN
100 _aBentley,Nick
245 _aContemporary British fiction
_cNick Bentley
260 _aEdinburgh
_bEdinburgh University press
_c2008
300 _a245p.
504 _aIncludes bibliographical references and index
650 _aEnglish fiction
651 _aCriticism on english fiction
850 _aLCLIB
942 _cBK
999 _c37141
_d87620